000
00305nam a22001337a 4500
008
171201b xxu||||| |||| 00| 0 eng d
020
_a
9780805814170
041
_a
eng
080
_a
37
100
_a
46
101
_a
EDU
245
_a
WRITING THE QUALITATIVE DISSERTATION
_c
MELOY, J.M
942
_2
udc
_c
BK
999
_c
38683
_d
38683